Państwa Azji według dwóch pierwszych liter - Statystyki

Ogólne statystyki
  • Ten quiz został rozwiązany 9 232 razy
  • Średni wynik to 32 z 48
Odpowiedzi na mapie
Odpowiedzi zakodowano w zielono-czerwonej skali na mapie do tego quizu, zgodnie z poniższymi procentami.
 
Statystyki odpowiedzi
Kraj % Poprawnych
Chiny
96%
Indie
94%
Indonezja
94%
Kambodża
94%
Katar
94%
Kazachstan
94%
Arabia Saudyjska
90%
Armenia
90%
Turcja
90%
Turkmenistan
90%
Irak
84%
Iran
84%
Mongolia
84%
Tadżykistan
83%
Tajlandia
83%
Tajwan
83%
Japonia
79%
Oman
77%
Jemen
73%
Pakistan
73%
Korea Północna
72%
Korea Południowa
72%
Afganistan
66%
Kirgistan
65%
Izrael
63%
Nepal
63%
Uzbekistan
63%
Wietnam
61%
Syria
60%
Azerbejdżan
59%
Bahrajn
59%
Bangladesz
59%
Gruzja
59%
Malediwy
56%
Malezja
56%
Zjednoczone Emiraty Arabskie
56%
Filipiny
54%
Mjanma
54%
Jordania
53%
Laos
53%
Bhutan
50%
Sri Lanka
47%
Kuwejt
45%
Cypr
42%
Liban
41%
Singapur
23%
Brunei
22%
Timor Wschodni
21%
Nie znaleziono quizów pasujących do podanych kryteriów
Rozkład punktacji
Procent ludzi z każdym wynikiem
Percentyl według liczby udzielonych odpowiedzi
Twoja historia wyników
Nie rozwiązałeś tego quizu